Flock of dodos : the evolution and intelligent design circus /

A humorous look at the debate between proponents of biological evolution and adherents of intelligent design, focusing especially on legal opinions about the issue.

Bibliographic Details
Main Author: Olson, Randy, 1955-
Corporate Author: Documentary Educational Resources (Firm)
Format: Video DVD
Language:English
Published: Watertown, MA : Documentary Educational Resources, 2006.
Subjects:

MARC

Tag First Indicator Second Indicator Subfields
LEADER 00000cgm a2200000 a 4500
001 in00002425497
005 20151109170213.0
007 vd cvaizu
008 070802s2006 mau084 vceng
016 7 |a 101311489  |2 DNLM 
029 0 |a NLM  |b 101311489 
035 |a (OCoLC)ocm73725574 
035 |a (OCoLC)73725574 
040 |a NLM  |c NLM  |d MTG  |d UMC  |d WCM  |d OCLCG  |d TXA  |d UtOrBLW 
042 |a nlmcopyc 
043 |a n-us--- 
049 |a TXAM 
050 4 |a QH362  |b .F56 2006 
060 0 0 |a 2007 AV-0341 
060 1 0 |a QH 366.2 
082 0 4 |a 231.7652  |2 22 
100 1 |a Olson, Randy,  |d 1955- 
245 1 0 |a Flock of dodos :  |b the evolution and intelligent design circus /  |c written and directed by Randy Olson. 
246 3 0 |a Evolution and intelligent design circus 
264 1 |a Watertown, MA :  |b Documentary Educational Resources,  |c 2006. 
300 |a 1 videodisc (84 min.) :  |b sound, color ;  |c 4 3/4 in. 
336 |a two-dimensional moving image  |b tdi  |2 rdacontent 
337 |a video  |b v  |2 rdamedia 
338 |a videodisc  |b vd  |2 rdacarrier 
538 |a DVD. 
511 0 |a Narrator: Randy Olson. 
508 |a Director of animation, Tom Sito ; animation sequences by Gang of Seven Animation. 
500 |a Originally produced as a documentary film in 2006. 
520 |a A humorous look at the debate between proponents of biological evolution and adherents of intelligent design, focusing especially on legal opinions about the issue. 
500 |a Videorecording. 
650 1 2 |a Biological Evolution  |v Popular Works. 
650 2 2 |a Fossils  |v Popular Works. 
650 2 2 |a Public Opinion  |v Popular Works. 
650 2 2 |a Religion and Science  |v Popular Works. 
655 7 |a Documentary films.  |2 lcgft 
655 7 |a Nonfiction films.  |2 lcgft 
650 0 |a Evolution (Biology)  |x Study and teaching  |z United States. 
650 0 |a Intelligent design (Teleology)  |x Study and teaching  |z United States. 
650 0 |a Science  |x Study and teaching  |z United States. 
650 0 |a Evolution  |x Religious aspects. 
650 0 |a Evolution (Biology)  |x Public opinion. 
650 0 |a Intelligent design (Teleology) 
710 2 |a Documentary Educational Resources (Firm) 
994 |a C0  |b TXA 
948 |a cataloged  |b h  |c 2008/11/4  |d c  |e blrosas  |f 9:44:31 am 
999 |a MARS 
999 f f |s 5c9f14b5-76e3-333c-a0b3-3dd2824e9379  |i 6a220c5e-c309-332b-bb4b-a6e1850def3e  |t 0 
952 f f |p dvd  |a Texas A&M University  |b College Station  |c Sterling C. Evans Library  |d Evans: Media and Reserves (Annex 1st floor)  |t 0  |e QH362 .F56 2006  |h Library of Congress classification  |i video -- videodisc  |m A14837364513 
998 f f |a QH362 .F56 2006  |t 0  |l Evans: Media and Reserves (Annex 1st floor)